000 00879nam a2200253Ia 4500
003 OSt
005 20221005112644.0
006 a|||||r|||| 00| 0
007 ta
008 221004b |||||||| |||| 00| 0 pan d
020 _c50
024 _a97181
037 _b219, 01/01/2009, H.K. Prakashan
_cTextual
040 _aCRL
_cCRL
_bpan
041 _2pan
_apan
082 _aO153,3:g, P4
100 _aਪਿਆਰਾ ਸਿੰਘ
245 0 _aਪੰਜਾਬੀ ਗਲਪ
_b ਸਿਧਾਂਤ, ਇਤਿਹਾਸ ਤੇ ਪ੍ਰਵਿਰਤੀਆਂ
260 _aਜਲੰਧਰ
_bਨਿਊ ਬੁੱਕ ਕੰਪਨੀ ਭਾਰਤ
_c2004
300 _a92ਪੰ
_ccm.
650 _aਪੰਜਾਬੀ ਸਾਹਿਤ
942 _hO153,3:g, P4
_cTEXL
_2cc
999 _c1025546
_d1025546